000 00736nam a22002175i 4500
001 164363
003 ES-MaACL
005 20251005063130.0
008 980922q1894 sp |||| | spa d
080 _a929-055.2(44)
100 1 _aSainte-Beuve, Charles-Augustin,
_d1804-1869
_9162958
245 1 0 _aRetratos de mujeres /
_cpor Sainte-Beuve.
260 _aMadrid :
_bLa España Moderna,
_c[1894] (
_fAgustín Aurial)
300 _a319 p. ;
_c17 cm.
490 1 _aColección de libros escogidos
650 4 _aMujeres-
_zFrancia-
_vBiografías.
_9157311
650 4 _aEscritoras francesas-
_xBiografías.
_9163003
830 1 _aColección de libros escogidos
_9181858
852 4 _aES-MaACL
_jA-4721
999 _c164363
_d164363